[Event "Boffres"]
[Site "Boffres"]
[Date "2015.05.08"]
[Round "1"]
[White "Tempestini, Marc"]
[Black "Tilquin, Jean Pierre"]
[Result "0-1"]
[WhiteElo "1790"]
[BlackElo "1934"]
[PlyCount "126"]
[EventDate "2015.05.08"]
[EventType "game"]
[EventRounds "9"]
[EventCountry "FRA"]
[SourceTitle "EXT 2016"]
[Source "ChessBase"]
[SourceDate "2015.10.08"]
[SourceVersion "1"]
[SourceVersionDate "2015.10.08"]
[SourceQuality "1"]

1. e4 e5 2. Nf3 Nc6 3. Bb5 Bc5 4. 0-0 Nd4 5. Nxd4 Bxd4 6. c3 Bb6 7. d4 c6 8. Bc4 d6 9. Na3 Nf6 10. Bg5 h6 11. Bh4 Qe7 12. Kh1 g5 13. Bg3 h5 14. f3 h4 15. Bf2 Nh5 16. Kg1 Bd7 17. Qb3 Nf4 18. dxe5 dxe5 19. Bxb6 axb6 20. Qxb6 0-0 21. Rad1 Bc8 22. Rf2 g4 23. fxg4 Bxg4 24. Rdf1 Rad8 25. Qe3 b5 26. Bb3 Rd3 27. Qe1 Qg5 28. Kh1 Bh5 29. Bc2 Rf3 30. Rg1 Rxf2 31. Qxf2 Ne6 32. Qf5 Bg6 33. Qxg5 Nxg5 34. g3 h3 35. Re1 Rd8 36. Nb1 Bxe4+ 37. Bxe4 Nxe4 38. Kg1 f5 39. g4 fxg4 40. Rxe4 Rd1+ 41. Kf2 Rxb1 42. Rxg4+ Kf7 43. Rb4 Rd1 44. Kg3 Rd3+ 45. Kh4 Ke6 46. a4 bxa4 47. Rxa4 Kd5 48. Kg4 e4 49. Ra5+ c5 50. Rb5 Rf3 51. Rb8 Rf6 52. b3 Rf3 53. Rd8+ Kc6 54. Rc8+ Kd6 55. b4 Rxc3 56. bxc5+ Rxc5 57. Re8 Re5 58. Rd8+ Kc5 59. Rd2 e3 60. Re2 Kd4 61. Kf4 Re8 62. Kg3 Kd3 63. Ra2 e2 0-1

[Event "FRA-ch Seniors"]
[Site "Nancy"]
[Date "2013.08.20"]
[Round "8"]
[White "Giffard, Nicolas"]
[Black "Tilquin, Jean Pierre"]
[Result "1-0"]
[WhiteElo "2337"]
[BlackElo "1968"]
[PlyCount "45"]
[EventDate "2013.08.11"]
[EventType "swiss"]
[EventRounds "11"]
[EventCountry "FRA"]
[SourceTitle "CBM 156 Extra"]
[Source "ChessBase"]
[SourceDate "2013.10.22"]
[SourceVersion "1"]
[SourceVersionDate "2013.10.22"]
[SourceQuality "1"]

1. d4 Nf6 2. c4 g6 3. Nc3 d5 4. Bg5 Ne4 5. Nxe4 dxe4 6. Qd2 c5 7. d5 Bg7 8. e3 h6 9. Bh4 0-0 10. Ne2 g5 11. Bg3 Bf5 12. Nc3 Nd7 13. Be2 Ne5 14. f3 exf3 15. gxf3 Qb6 16. e4 Bh3 17. f4 Ng6 18. fxg5 hxg5 19. Rg1 Bd4 20. 0-0-0 f6 21. Nb5 e5 22. Nxd4 cxd4 23. Bh5 1-0

[Event "FRA-ch Seniors"]
[Site "Nancy"]
[Date "2013.08.19"]
[Round "7"]
[White "Pont, Jean Claude"]
[Black "Tilquin, Jean Pierre"]
[Result "0-1"]
[WhiteElo "1841"]
[BlackElo "1968"]
[PlyCount "70"]
[EventDate "2013.08.11"]
[EventType "swiss"]
[EventRounds "11"]
[EventCountry "FRA"]
[SourceTitle "CBM 156 Extra"]
[Source "ChessBase"]
[SourceDate "2013.10.22"]
[SourceVersion "1"]
[SourceVersionDate "2013.10.22"]
[SourceQuality "1"]

1. d4 Nf6 2. Bf4 g6 3. e3 Bg7 4. Nd2 0-0 5. Ngf3 c5 6. c3 b6 7. Be2 Bb7 8. 0-0 d6 9. Ne1 Nbd7 10. Bf3 Qc7 11. h3 Rac8 12. Bxb7 Qxb7 13. Qe2 e5 14. dxe5 dxe5 15. Bh2 e4 16. Rd1 b5 17. b3 Rfe8 18. Nc2 Nd5 19. Nb1 Nxc3 20. Nxc3 Bxc3 21. Rd6 Be5 22. Bxe5 Nxe5 23. Rfd1 Nd3 24. f3 c4 25. fxe4 Qxe4 26. Rd4 Qe5 27. bxc4 bxc4 28. Rd7 Rc7 29. Rd4 Qc5 30. Qf3 Qc6 31. Qg3 Rb7 32. Rd6 Qa4 33. Rd2 Rb2 34. R2xd3 cxd3 35. Nd4 d2 0-1

[Event "FRA-ch Seniors"]
[Site "Pau"]
[Date "2012.08.21"]
[Round "7"]
[White "Tilquin, Jean Pierre"]
[Black "Ruiz, Richard"]
[Result "1/2-1/2"]
[WhiteElo "2000"]
[BlackElo "2119"]
[PlyCount "113"]
[EventDate "2012.08.14"]
[EventType "swiss"]
[EventRounds "11"]
[EventCountry "FRA"]
[SourceTitle "EXT 2013"]
[Source "ChessBase"]
[SourceDate "2012.11.22"]
[SourceVersion "1"]
[SourceVersionDate "2012.11.22"]
[SourceQuality "1"]

1. d4 Nf6 2. c4 g6 3. Nc3 Bg7 4. e4 d6 5. Be2 0-0 6. Nf3 a5 7. 0-0 Bg4 8. Be3 Nfd7 9. Rc1 e5 10. d5 f5 11. Ng5 f4 12. Bxg4 Qxg5 13. Bd2 Nc5 14. f3 Qd8 15. Be1 Bf6 16. b3 Bh4 17. a3 Bxe1 18. Rxe1 Nba6 19. Rb1 Nd7 20. b4 axb4 21. axb4 Nf6 22. Be6+ Kh8 23. Na4 b6 24. Qc2 Qe8 25. c5 Nxc5 26. Nxc5 bxc5 27. bxc5 Ra5 28. cxd6 cxd6 29. Qc7 Qd8 30. Rec1 Ra8 31. Rc6 Ne8 32. Qxd8 Rxd8 33. Rb7 Ra8 34. Rc8 Rxc8 35. Bxc8 Ng7 36. Rc7 Rd8 37. Kf2 Ne8 38. Rc6 Kg7 39. Ke2 h5 40. Kd3 Kf8 41. Kc4 Ke7 42. Kb5 Kf6 43. Kb6 Ke7 44. Kb7 Kf6 45. Bh3 Ke7 46. Rc8 Rxc8 47. Kxc8 Nf6 48. Kc7 Ne8+ 49. Kc6 Nf6 50. Be6 Nh7 51. h4 Nf6 52. Bh3 Nh7 53. Be6 Nf6 54. Bh3 Nh7 55. Be6 Nf6 56. Bh3 Nh7 57. Be6 1/2-1/2

[Event "Paris-ch op-A"]
[Site "Paris"]
[Date "2010.07.08"]
[Round "6"]
[White "Douat, Jean"]
[Black "Tilquin, Jean Pierre"]
[Result "0-1"]
[WhiteElo "1896"]
[BlackElo "1987"]
[PlyCount "92"]
[EventDate "2010.07.03"]
[EventType "swiss"]
[EventRounds "9"]
[EventCountry "FRA"]
[SourceTitle "CBM 137 Extra"]
[Source "ChessBase"]
[SourceDate "2010.09.01"]
[SourceVersion "1"]
[SourceVersionDate "2010.09.01"]
[SourceQuality "1"]

1. e4 e5 2. Nf3 Nc6 3. Bc4 Bc5 4. c3 Nf6 5. d4 exd4 6. cxd4 Bb4+ 7. Nc3 Nxe4 8. 0-0 Bxc3 9. d5 Bf6 10. Re1 Ne7 11. Rxe4 d6 12. Bg5 Bxg5 13. Nxg5 h6 14. Qe2 hxg5 15. Re1 Be6 16. dxe6 f6 17. Re3 c6 18. Rh3 Rxh3 19. gxh3 g6 20. Bd3 Kf8 21. Kh1 Kg7 22. Rg1 Qa5 23. a3 Qe5 24. Qxe5 dxe5 25. Rb1 Rd8 26. Bc4 Rd4 27. Bf1 f5 28. b4 a6 29. a4 b5 30. axb5 axb5 31. Bg2 Kf6 32. Kg1 Kxe6 33. Kf1 Nd5 34. Bxd5+ Kxd5 35. Ke2 c5 36. bxc5 Kxc5 37. Rc1+ Kb6 38. Rc8 Rd6 39. f3 b4 40. Re8 Ka5 41. Ra8+ Kb5 42. Re8 b3 43. Rb8+ Rb6 44. Rd8 b2 45. Rd1 Kc4 46. Rb1 Kb3 0-1

[Event "Paris-ch op-A"]
[Site "Paris"]
[Date "2010.07.07"]
[Round "5"]
[White "Tilquin, Jean Pierre"]
[Black "Nguyen Van, Stanislas"]
[Result "0-1"]
[WhiteElo "1987"]
[BlackElo "1898"]
[PlyCount "176"]
[EventDate "2010.07.03"]
[EventType "swiss"]
[EventRounds "9"]
[EventCountry "FRA"]
[SourceTitle "CBM 137 Extra"]
[Source "ChessBase"]
[SourceDate "2010.09.01"]
[SourceVersion "1"]
[SourceVersionDate "2010.09.01"]
[SourceQuality "1"]

1. d4 d5 2. c4 c6 3. Nf3 e6 4. e3 Nf6 5. Bd3 dxc4 6. Bxc4 b5 7. Bd3 a6 8. a4 Bb7 9. 0-0 Nbd7 10. Nbd2 Be7 11. e4 Nb6 12. a5 Nbd7 13. e5 Nd5 14. Ne4 c5 15. Bg5 0-0 16. dxc5 Nxe5 17. Nxe5 Bxg5 18. c6 Bc8 19. Qh5 h6 20. Nxg5 Qxg5 21. Qxg5 hxg5 22. Rac1 f6 23. Nf3 Rd8 24. Be4 g4 25. Nd4 f5 26. Bxd5 Rxd5 27. Nb3 Ra7 28. f3 gxf3 29. Rxf3 Rc7 30. Rfc3 Kf7 31. Rc5 Rd6 32. R1c2 Ke7 33. Nd2 Kf6 34. Nf3 g5 35. h3 Rd1+ 36. Kf2 Ra1 37. Ne5 Rxa5 38. Nc4 Ra4 39. Nd6 Ke7 40. Nxc8+ Rxc8 41. c7 Rd4 42. Rc6 Rd6 43. R6c5 Kd7 44. Ke3 Rd5 45. Rc6 a5 46. Ra6 a4 47. Ra7 e5 48. Rb7 e4 49. Ra7 Rd3+ 50. Ke2 Rd5 51. Rb7 f4 52. Ke1 e3 53. Ke2 b4 54. Rxb4 Rxc7 55. Rxc7+ Kxc7 56. Rxa4 Rd2+ 57. Kf1 Rf2+ 58. Kg1 Rxb2 59. Kf1 Rf2+ 60. Kg1 Rd2 61. Kf1 Kd6 62. Ra6+ Ke5 63. Ra5+ Kf6 64. Rb5 Rf2+ 65. Kg1 Kg6 66. Ra5 Rb2 67. Kf1 Kh5 68. Rc5 Kh4 69. Ra5 g4 70. hxg4 Kxg4 71. Ra8 Rb5 72. Rg8+ Rg5 73. Rf8 Kg3 74. Ke2 Rg4 75. Kf1 e2+ 76. Kxe2 Kxg2 77. Rf7 Kg3 78. Ra7 Rg8 79. Re7 Kg2 80. Rf7 Re8+ 81. Kd2 Kf3 82. Kd1 Kg3 83. Rg7+ Kf2 84. Rd7 f3 85. Rd6 Kf1 86. Rd3 f2 87. Rd7 Rg8 88. Rf7 Kg1 0-1

[Event "FRA-ch op-B"]
[Site "Pau"]
[Date "2008.08.13"]
[Round "2"]
[White "Tissot, Fabien"]
[Black "Tilquin, Jean Pierre"]
[Result "1/2-1/2"]
[WhiteElo "1890"]
[BlackElo "1983"]
[PlyCount "58"]
[EventDate "2008.08.11"]
[EventType "swiss"]
[EventRounds "11"]
[EventCountry "FRA"]
[SourceTitle "CBM 126 Extra"]
[Source "ChessBase"]
[SourceDate "2008.11.05"]
[SourceVersion "1"]
[SourceVersionDate "2008.11.05"]
[SourceQuality "1"]

1. e4 e5 2. Nf3 Nc6 3. d4 exd4 4. Bc4 Bc5 5. c3 Nf6 6. e5 d5 7. Bb5 Ne4 8. cxd4 Bb4+ 9. Nbd2 0-0 10. a3 Be7 11. Qe2 f5 12. exf6 Nxf6 13. 0-0 Bf5 14. Bxc6 bxc6 15. Ne5 Bd7 16. Re1 Bd6 17. Nxd7 Qxd7 18. Qe6+ Qxe6 19. Rxe6 Rfe8 20. Rxe8+ Rxe8 21. Nf3 Re2 22. Kf1 Rc2 23. Ne1 Rc4 24. Be3 Ng4 25. h3 Nxe3+ 26. fxe3 c5 27. dxc5 Bxc5 28. Rd1 c6 29. Ke2 Kf7 1/2-1/2